| 000 | nam a22 4500 | ||
|---|---|---|---|
| 999 |
_c233018 _d233018 |
||
| 003 | Nust | ||
| 005 | 20170228092416.0 | ||
| 008 | 170228b xxu||||| |||| 00| 0 eng d | ||
| 020 | _a9780007303519 | ||
| 040 | _cNust | ||
| 082 |
_a823.92 _bKEA |
||
| 100 | _aKeane, Jessie; | ||
| 245 |
_aDirty game/ _cJessie Keane.; |
||
| 260 |
_aUK _bHarper Collins Publisher _c2008 |
||
| 300 | _a550 p.; | ||
| 650 |
_aSocial conditions _xFiction |
||
| 942 |
_2ddc _cBK |
||